00944nam a2200265 i 4500001000700000003000900007005001700016007000300033008004100036080000700077080001000084100005300094245012300147250001500270260003200285300002200317490002900339650002900368700002800397700004300425830003700468852003200505999001900537952012200556129105ES-MaACL20250918063035.0t|070605s1970 sp ||||1| spa d a21 a234.21 aTeilhard de Chardin, Pierre, d1881-1955910952110aComo yo creo / cPierre Teilhard de Chardin ; prólogo de N.M. Wildiers ; versión de Francisco Pérez Gutiérrez. a[1ª ed.]. a[Madrid : bTaurus, c1970] a274 p. ; c21 cm.1 aEnsayistas de hoy ; v6717aTeología2embne9174571 aWildiers, N. M.91168331 aPérez Gutiérrez, Francisco.9909270 aEnsayistas de hoy ; v679180849 aES-MaACLjC-38520 bR.75065 c129105d129105 00104070aATENEOMbATENEOMcDEPO2d2008-01-17eSCl0oC-38520p1134446r2023-02-23 00:00:00w2023-02-23yMONOGRAFIA